Online
Catalog

En tierras de Bolivar : (Record no. 8194)

MARC details
000 -CABECERA
campo de control de longitud fija 00714cam a2200217 a 4500
001 - NÚMERO DE CONTROL
campo de control 000008423
003 - IDENTIFICADOR DEL NÚMERO DE CONTROL
campo de control DO-SdBNP
005 - FECHA Y HORA DE LA ÚLTIMA TRANSACCIÓN
campo de control 20250401144748.0
008 - DATOS DE LONGITUD FIJA--INFORMACIÓN GENERAL
campo de control de longitud fija 781208s1969 ec 000 0 spa
040 ## - FUENTE DE LA CATALOGACIÓN
Centro catalogador/agencia de origen DO-SdBNP
Lengua de catalogación spa
Centro/agencia transcriptor BNPHU
082 ## - NÚMERO DE LA CLASIFICACIÓN DECIMAL DEWEY
Número de clasificación 398.209
Número de documento/Ítem S179e
100 1# - ENTRADA PRINCIPAL--NOMBRE DE PERSONA
Nombre de persona Saltos, Augusto Cesar.
9 (RLIN) 22696
245 10 - MENCIÓN DE TÍTULO
Título En tierras de Bolivar :
Resto del título tradiciones, estampas y leyendas /
Mención de responsabilidad, etc. Augusto Cesar Saltos.
260 ## - PUBLICACIÓN, DISTRIBUCIÓN, ETC.
Lugar de publicación, distribución, etc. Quito :
Nombre del editor, distribuidor, etc. Casa de la Cultura Ecuatoriana,
Fecha de publicación, distribución, etc. 1969.
300 ## - DESCRIPCIÓN FÍSICA
Extensión 372 p. ;
Dimensiones 19 cm.
650 #0 - PUNTO DE ACCESO ADICIONAL DE MATERIA--TÉRMINO DE MATERIA
Término de materia o nombre geográfico como elemento de entrada Folclore
Subdivisión geográfica Bolivia
9 (RLIN) 33448
650 #4 - PUNTO DE ACCESO ADICIONAL DE MATERIA--TÉRMINO DE MATERIA
Término de materia o nombre geográfico como elemento de entrada Leyendas bolivarenses (ecuador)
9 (RLIN) 22699
650 #4 - PUNTO DE ACCESO ADICIONAL DE MATERIA--TÉRMINO DE MATERIA
Término de materia o nombre geográfico como elemento de entrada Leyendas ecuatorianas
9 (RLIN) 22700
651 #4 - PUNTO DE ACCESO ADICIONAL DE MATERIA--NOMBRE GEOGRÁFICO
Nombre geográfico Guaranda (Ecuador{Rpara}
Subdivisión general Anecdotas
9 (RLIN) 22698
942 ## - ELEMENTOS DE PUNTO DE ACCESO ADICIONAL (KOHA)
Fuente del sistema de clasificación o colocación Dewey Decimal Classification
Tipo de ítem Koha Libro
Holdings
Estado de retiro Estado de pérdida Restricciones de uso No para préstamo Código de colección Localización permanente Ubicación/localización actual Ubicación en estantería Fecha de adquisición Número de inventario Total de préstamos Signatura topográfica completa Código de barras Fecha visto por última vez Precio válido a partir de Tipo de ítem Koha
    Préstamo interno   Monografías: Libros y Folletos General General En catalogación 16.09.2009 LF1   398.209 S179e 8423-10 25.06.2020 25.06.2020 Préstamo interno

Powered by Koha